Open Data Biblioteca Nacional de Portugal


República Portuguesa: Ministério da Cultura
Biblioteca Nacional de Portugal

Catálogo da BNP: acesso por Identificadores Unívocos
Registos Bibliográficos associados ao registo de autoridade

Etiqueta de registo: 00000nam 2200025 450
001 2026070
003 http://id.bnportugal.gov.pt/bib/catbnp/2026070
100 ## $a20190715d2018 m y0pory01030103ba
101 0# $apor$deng
102 ## $aPT
105 ## $aa m 000yy
106 ## $ar
200 1# $aConservação e restauro de esculturas em gesso$evalorização, metodologia, ensino$fMarta Alexandra da Costa Frade$gorient. António José dos Santos de Matos
210 #9 $aLisboa$c[s.n.],$d2018
215 ## $a2 v.$cil.$d30 cm
215 ## $a1 CD-ROM
305 ## $aEd. impressa e em CD-ROM
307 ## $aEd. impressa não tem apêndices
328 #1 $aTese dout. Belas Artes (Escultura), Universidade de Lisboa, 2018
675 ## $a730.02(043)$vBN$zpor$31428300
675 ## $a666.91(043)$vBN$zpor$31762505
700 #1 $aFrade,$bMarta Alexandra da Costa$31757856
702 #1 $aMatos,$bAntónio José Santos de$4727$31492984
801 #0 $aPT$bBN$gRPC
966 ## $lBN$mDEM$sB.A. 11294 P.$x1
966 ## $b001$dV. 1$lBN$mFGMON$sB.A. 44630 V.$x1
966 ## $b001$dV. 2$lBN$mFGMON$sB.A. 44631 V.$x1

Etiqueta de registo: 00254nam 2200025 450
001 2288549
003 http://id.bnportugal.gov.pt/bib/catbnp/2288549
100 ## $a20260623d2022 k y0pory01030103ba
101 0# $apor$deng
102 ## $aPT
105 ## $aa m 001yy
106 ## $ar
200 1# $a2"a 8" do movimento ao objeto corpóreo$ecomo pode o fotográfico dar corpo ao movimento?$fOctávio Manuel Rodrigues Alcântara$gorient. Catarina Isabel Grácio de Moura, Marta Alexandra da Costa Frade
210 #9 $aLisboa$c[s.n.],$d2022
215 ## $aXIII, 215 p.$cil.$d30 cm
328 #1 $aTese dout. Belas-Artes (Arte Multimédia), Faculdade de Belas-Artes da Universidade de Lisboa, 2022
675 ## $a77.034(043)$vBN$zpor$32002248
675 ## $a7.038.5(043)$vBN$zpor$31221253
700 #1 $aAlcântara,$bOctávio Manuel Rodrigues$32001339
702 #1 $aMoura,$bCatarina Grácio de$4727$31996783
702 #1 $aFrade,$bMarta Alexandra da Costa$4727$31757856
801 #0 $aPT$bBN$gRPC
966 ## $lBN$mFGMON$sB.A. 53893 V.$x1
971 ## $cisantos$d20260623
973 ## $ctrodrigues$d20260701

OpendataBNP@bnportugal.pt | Mais informação sobre acesso aos dados BNP